000 00666nam a2200241Ia 4500
003 OSt
005 20220923225543.0
006 a|||||r|||| 00| 0
007 ta
008 Pun
024 _a271,076
037 _cTextual
040 _aARTS
_cARTS
_bPun
041 _2Pun
_aPun
082 _aO153,2NATx, M1
100 _aਅਮਰਜੀਤ
245 0 _aਨਾਟਕ ਨਾਟਕ ਨਾਟਕ
260 _aਅੰਮ੍ਰਿਤਸਰ
_b ਬਲਰਾਮ ਸਾਹਨੀ
_c1981
300 _a99ਪੰ
_ccm.
650 _aਪੰਜਾਬੀ ਸਾਹਿਤ
942 _hO153,2NATx, M1
_cTEXL
_2CC
999 _c379068
_d379068